Calcutta Statistical Association bulletin. (Record no. 24357)

MARC details
000 -LEADER
fixed length control field 01405nam a22004097a 4500
001 - CONTROL NUMBER
control field 11147988
005 - DATE AND TIME OF LATEST TRANSACTION
control field 20030301121823.0
008 - FIXED-LENGTH DATA ELEMENTS--GENERAL INFORMATION
fixed length control field 750817c19479999ii qrzp 0 a0eng d
022 ## - INTERNATIONAL STANDARD SERIAL NUMBER
International Standard Serial Number 0008-0683
035 ## - SYSTEM CONTROL NUMBER
System control number (OCoLC)ocm01552348
040 ## - CATALOGING SOURCE
Original cataloging agency MnMULS
Transcribing agency MnMULS
Modifying agency OCoLC
-- CU-UC
-- CtY
-- MH
-- InU
-- OCoLC
-- AIP
-- NSDP
-- NST
-- WaU
-- DLC
-- OCoLC
042 ## - AUTHENTICATION CODE
Authentication code nsdp
-- lcd
-- premarc
043 ## - GEOGRAPHIC AREA CODE
Geographic area code a-ii---
050 ## - LIBRARY OF CONGRESS CALL NUMBER
Classification number HA1
Item number .C35
060 ## - NATIONAL LIBRARY OF MEDICINE CALL NUMBER
Classification number HA 1 C144
210 ## - ABBREVIATED TITLE
Abbreviated title Bull.- Calcutta Stat. Assoc.
222 ## - KEY TITLE
Key title Bulletin - Calcutta Statistical Association
245 ## - TITLE STATEMENT
Title Calcutta Statistical Association bulletin.
246 ## - VARYING FORM OF TITLE
Title proper/short title Bulletin
260 ## - PUBLICATION, DISTRIBUTION, ETC. (IMPRINT)
Place of publication, distribution, etc Calcutta :
Name of publisher, distributor, etc Calcutta Statistical Association
Date of publication, distribution, etc [1947-
300 ## - PHYSICAL DESCRIPTION
Extent v. ;
Dimensions 25 cm.
310 ## - CURRENT PUBLICATION FREQUENCY
Current publication frequency Quarterly
321 ## - FORMER PUBLICATION FREQUENCY
Former publication frequency Quarterly
362 ## - DATES OF PUBLICATION AND/OR SEQUENTIAL DESIGNATION
Dates of publication and/or sequential designation No. 1 (Aug. 1947)-
500 ## - GENERAL NOTE
General note Title from caption.
500 ## - GENERAL NOTE
General note Publisher varies.
650 ## - SUBJECT ADDED ENTRY--TOPICAL TERM
Topical term or geographic name as entry element Statistics
General subdivision Methodology
Form subdivision Periodicals.
650 ## - SUBJECT ADDED ENTRY--TOPICAL TERM
Topical term or geographic name as entry element Statistics
Form subdivision Periodicals.
651 ## - SUBJECT ADDED ENTRY--GEOGRAPHIC NAME
Geographic name India
Form subdivision Statistics
-- Periodicals.
710 ## - ADDED ENTRY--CORPORATE NAME
Corporate name or jurisdiction name as entry element Calcutta Statistical Association.
270 ## - ADDRESS
Address 35 Bollygaunge Circular Road,
City Kolkata
Postal code 700019
906 ## - LOCAL DATA ELEMENT F, LDF (RLIN)
a 7
b cbc
c serials
d u
e ncip
f 19
g n-oclcserc
936 ## - OCLC/CONSER MISCELLANEOUS DATA (OCLC); PIECE USED FOR CATALOGING (pre-AACR2) (RLIN)
OCLC control number(s) of parallel record(s) (OCLC); Piece used for cataloging, PUC (RLIN) Vol. 46, nos. 181-182 (Mar. and June 1996) LIC
942 ## - ADDED ENTRY ELEMENTS (KOHA)
Source of classification or shelving scheme Dewey Decimal Classification
Item type Periodicals
Serial record 1
Holdings
Withdrawn status Lost status Source of classification or shelving scheme Damaged status Not for loan Collection code Home library Current library Date acquired Total Checkouts Date last seen Price effective from Koha item type
    Dewey Decimal Classification   Not For Loan Non-fiction D.B.Act.Division D.B.Act.Division 25/02/2009   25/02/2009 25/02/2009 Periodicals

© Delhi Public Library
Hit Counter
free hit counter